| 000 | 01078nam a22002657a 4500 | ||
|---|---|---|---|
| 005 | 20170124102946.0 | ||
| 010 | _a532071 | ||
| 020 | _c01.50 | ||
| 035 | _a532071 | ||
| 037 | _bCen Lib/Ret | ||
| 040 |
_aDPL _bHN |
||
| 082 |
_a822 _bवर्मार |
||
| 100 |
_aवर्मा , रामकुमार _949796 |
||
| 245 |
_aकेसर का सौरभ : _cरामकुमार वर्मा _bराष्ट्रीय एकांकी / |
||
| 246 |
_aKesar ka sourabh _bby Ramkumar Verma |
||
| 260 |
_aइलाहाबाद _bलोक भारती प्रकाशन _c1968 |
||
| 270 |
_a15-ए ,महात्मा गाँधी मार्ग _bइलाहाबाद |
||
| 300 |
_a42पृष्ठ. _c16सेमी(सजिल्द) |
||
| 650 |
_aहिंदी साहित्य _949797 |
||
| 650 |
_aहिंदी एकांकी _97 |
||
| 650 |
_aHindi Literature _949798 |
||
| 650 |
_aHindi solitary _944725 |
||
| 700 | _943371 | ||
| 942 |
_2ddc _cHN _h822 _mवर्मार |
||
| 999 |
_c112934 _d112934 |
||